| 000 | 00690nam a2200241Ia 4500 | ||
|---|---|---|---|
| 008 | 160319s9999 xx 000 0 und d | ||
| 020 | _a971-584-365-4 | ||
| 050 | _aFIL QC 37 | ||
| 050 | _b.Q53 2004 | ||
| 100 | _aQuiambao, Raquel D. | ||
| 245 | _aPhysics laboratory manual : | ||
| 245 | _bfor health science / | ||
| 245 | _cRaquel D. Quiambao, Ms. Lourdes Floresta. | ||
| 260 | _aQuezon City: | ||
| 260 | _bC & E Pub. Inc., | ||
| 260 | _c2004 | ||
| 300 | _a89 pages : | ||
| 300 | _billustrations ; | ||
| 300 | _c26 cm. | ||
| 500 | _aIncludes bibliographical references. | ||
| 650 | _aPhysics -- Laboratory manuals. | ||
| 650 | _xPhysics -- Study and teaching (Higher). | ||
| 999 |
_c291883 _d291883 |
||